| 000 | 01164cam a22003377a 4500 | ||
|---|---|---|---|
| 003 | CHAP | ||
| 005 | 20220329133547.0 | ||
| 008 | 971013s1990 r 00010 d | ||
| 010 | _a7878 | ||
| 011 | _a8850 | ||
| 035 | _a8082 | ||
| 040 | _cCHAP | ||
| 082 |
_a634.61 _bR6 |
||
| 100 | 0 | 0 |
_aRobert Díaz, Manuel L. _ecomp. _997896 |
| 245 | 1 | 3 | _aLa problemática del amarillamiento letal del cocotero en México |
| 260 |
_aProgreso, Yuc. : _bCentro de Investigación Científica de Yucatán, _c1990 |
||
| 300 |
_a197 p. _b: ilus. |
||
| 590 |
_aBATCH-UPD _b10 _c20130110 _lUCH01 _h1656 |
||
| 590 |
_aBATCH-UPD _b10 _c20130410 _lUCH01 _h1045 |
||
| 590 |
_aBATCH-UPD _b10 _c20130914 _lUCH01 _h0955 |
||
| 590 |
_aCONVERSION _b10 _c20130109 _lUCH01 _h1305 |
||
| 650 | 1 | 4 |
_aAmarillamiento letal del coco. _95153 |
| 650 | 1 | 4 |
_aCoco _xEnfermedades. _924241 |
| 650 | 1 | 4 |
_aCoco _xMéxico. _924260 |
| 650 | 1 | 4 |
_aCoco _xPropagación. _924263 |
| 700 | 0 |
_aZizumbo Villarreal, Daniel. _9124088 |
|
| 901 | _aBK | ||
| 942 | _cLIBRO | ||
| 949 |
_a634.61 R6 _bBC _cLIBRO _d33724000196119 _eLIBRO _h82352 _i8082 _si |
||
| 949 |
_a634.61 R6 _bBC _cLIBRO _d33724000196127 _eLIBRO _fc.2 _h82353 _i8082 _mD _si |
||
| 999 |
_c7878 _d7878 |
||